000
00300 a2200145 4500
001
179800
020
_a
040
_c
Magnum
100
_a
Hoffmann, Jussara
240
1
0
_a
Avaliacao mediadora
_l
por
245
1
0
_a
Avaliacao mediadora
362
0
_a
1899
697
_a
MAGNITO: ENSINO
942
_c
BK
999
_c
179800
_d
179800